The Visa Waiver Pilot Program : hearing before the Subcommittee on Immigration of the Committee on the Judiciary, United States Senate, One Hundred Fifth Congress, first session, on S. 290, a bill to establish a visa waiver pilot program for nationals of Korea who are traveling in tour groups to the United States, July 17, 1997.

Bibliographic Details
Corporate Author: United States. Congress. Senate. Committee on the Judiciary. Subcommittee on Immigration
Format: Government Document eBook
Language:English
Published: Washington : U.S. G.P.O., 1997.
Series:S. hrg. ; 105-189
Subjects:
Online Access:https://purl.fdlp.gov/GPO/gpo28704

MARC

Tag First Indicator Second Indicator Subfields
LEADER 00000cam a2200000 a 4500
001 in00002781414
005 20220106085110.0
006 m d f
007 cr bn|||||||||
008 101117s1997 dcua o f000 0 eng c
019 |a 652352809  |a 657417302 
035 |a (OCoLC)ocn682101660 
040 |a OCLCE  |b eng  |c OCLCE  |d OCLCQ  |d GPO  |d MvI  |d UtOrBLW 
042 |a pcc 
043 |a n-us--- 
049 |a WWW 
074 |a 1042-C (online) 
086 0 |a Y 4.J 89/2:S.HRG.105-189 
088 |a Serial no. J-105-33 (United States. Congress. Senate. Committee on the Judiciary) 
110 1 |a United States.  |b Congress.  |b Senate.  |b Committee on the Judiciary.  |b Subcommittee on Immigration. 
245 1 4 |a The Visa Waiver Pilot Program :  |b hearing before the Subcommittee on Immigration of the Committee on the Judiciary, United States Senate, One Hundred Fifth Congress, first session, on S. 290, a bill to establish a visa waiver pilot program for nationals of Korea who are traveling in tour groups to the United States, July 17, 1997. 
264 1 |a Washington :  |b U.S. G.P.O.,  |c 1997. 
300 |a 1 online resource (iv, 92 pages) :  |b illustrations 
336 |a text  |b txt  |2 rdacontent 
337 |a computer  |b c  |2 rdamedia 
338 |a online resource  |b cr  |2 rdacarrier 
490 1 |a S. hrg. ;  |v 105-189 
500 |a Title from title screen (viewed on Sept. 25, 2012). 
500 |a "Serial number J-105-33." 
500 |a Electronic resource. 
650 0 |a Admission of nonimmigrants  |z United States. 
650 0 |a Visas  |z United States. 
650 0 |a Tourism  |x Law and legislation  |z United States. 
650 0 |a Koreans  |x Legal status, laws, etc.  |z United States. 
776 0 8 |i Print version:  |a United States. Congress. Senate. Committee on the Judiciary. Subcommittee on Immigration.  |t Visa Waiver Pilot Program  |w (DLC) 98133544  |w (OCoLC)38099977 
810 1 |a United States.  |b Congress.  |b Senate.  |t S. hrg. ;  |v 105-189. 
856 4 0 |u https://purl.fdlp.gov/GPO/gpo28704  |t 0 
999 |a MARS 
999 f f |s 6240505a-14dd-3dcb-be9f-6aebd353b916  |i 5846fe02-2e2b-349f-96b6-af7d2c26265f  |t 0 
952 f f |a Texas A&M University  |b College Station  |c Electronic Resources  |d Available Online  |t 0  |e Y 4.J 89/2:S.HRG.105-189  |h Superintendent of Documents classification 
998 f f |a Y 4.J 89/2:S.HRG.105-189  |t 0  |l Available Online